[Event "CAN-ch"]
[Site "Kingston"]
[Date "2022.04.17"]
[Round "8.3"]
[White "Dukic, Zachary"]
[Black "Sambuev, Bator"]
[Result "1-0"]
[WhiteElo "2226"]
[BlackElo "2502"]
[Annotator "John Upper"]
[PlyCount "85"]
[EventDate "2022.04.13"]
[EventType "swiss"]
[EventRounds "9"]
[EventCountry "CAN"]
[SourceTitle "Chess Canada Tactiosauru"]
[Source "CFC/John Upper"]
[SourceDate "2023.03.11"]
[SourceVersion "1"]
[SourceVersionDate "2023.03.11"]
[SourceQuality "1"]

{[%mdl 32773][%evp 0,85,19,38,30,45,34,45,33,32,83,18,63,45,44,51,81,34,47,15,
23,23,31,-44,-44,-24,-17,-3,41,33,40,20,10,6,9,41,35,6,6,-4,22,19,63,63,57,55,
50,55,67,71,94,77,111,97,151,149,149,50,46,53,89,78,50,8,67,67,67,67,67,-49,
242,206,223,249,291,211,509,540,1050,29984,29991,29984,29985,29986,29987,29988,
29989,1687]} 1. e4 e6 2. d4 d5 3. Nc3 Bb4 4. e5 b6 {[#] Not nearly as popular
as the mainline Winawer with ...c5, but it's been played recently a few times
with success by US GM Jeffrey Xiong, and is a reasonable way to try to get
White out of book and into a maneuvering game. One point is to play ...Ba6,
trading the bad French LSB for White's good LSB.} 5. h4 (5. a3 Bf8 6. Bb5+ c6
7. Ba4 Ba6 8. Nce2 $1 $16 h5 $5 {(½-½, 39) Tari,A (2654)-Carlsen,M (2864)
chess24 Rapid, 2022.}) 5... Qd7 (5... Ba6 6. Bxa6 Nxa6 7. a3 Bf8 8. h5 {
continuing with The Plan (see below).}) 6. h5 h6 7. Qg4 Bf8 8. b4 $1 {[#]
Using tactics to clamp on the queenside.} Ne7 (8... Bxb4 $2 9. Qxg7 Bxc3+ 10.
Bd2 Bxa1 11. Qxh8 {and Black cannot defend the Ng8, leaving White with a
winning initiative, e.g.} Bxd4 (11... Kf8 12. Bxh6+ $18) 12. Qxg8+ Ke7 13. Nf3
Nc6 14. Nxd4 Nxd4 15. Bxh6 $18) (8... a6 9. a3 $6 {a waste, since Black is
going ...c5 in all lines.} (9. Nf3 $142) 9... Ne7 10. Bd3 c5 $1 11. bxc5 bxc5
12. dxc5 Qc7 13. Nf3 Nd7 14. O-O Nxc5 15. Na4 Nxd3 16. cxd3 f5 $6 17. Qf4 d4
18. Bd2 Nd5 19. Qxd4 Bb7 20. Rfc1 $18 {(1-0, 30) Sheng,J (2453)-Hevia Alejano,
C (2467) Pan-Am Ch. (online rapid), 2021}) 9. b5 $6 {This gives Black
something to nibble on, and a bit more space. Here's an online game between
titled Canadians where White follows a similar Alpha Zero-approved strategy in
the main game -- The Plan -- which is proving an existential threat to the
French: e5, h5-h6, then either smashing the kingside with f4-f5 or g4-g5 or a
minor piece sac (or both).} (9. Nf3 $142 Nbc6 10. a3 Bb7 11. Qf4 {hitting f7
makes Black pay in pawn structure if he wants to castle long.} g5 12. hxg6 Nxg6
13. Qe3 O-O-O 14. Bd3 Kb8 15. Ne2 $16 {Heading for h5. I don't see a
constructive plan for Black.} Nce7 16. Ng3 {Analysis Diagram [#]} f5 $2 ({
SF15 chooses} 16... h5 $142 $5 17. Rxh5 Nf5 {giving up a pawn to avoid the
bind.}) 17. exf6 Nf5 18. Nxf5 exf5 19. Ne5 $18 Nxe5 20. dxe5 d4 21. Qh3 $1 $18
Qd5 22. Qxf5 Qxg2 23. Rf1 h5 24. Bf4 h4 25. e6 {It's a race!} h3 26. e7 Bxe7
27. fxe7 Rde8 28. Qd7 h2 29. Qxc7+ Ka8 30. O-O-O $1 {Still possible!} h1=Q 31.
Rxh1 Rxh1 32. Qd8+ $1 Bc8 33. Qxe8 Rxd1+ 34. Kxd1 Qg1+ {White can block the
checks with a B, so there's no perp.} 35. Ke2 Qg4+ 36. Ke1 Qe6+ 37. Kd2 Kb7 38.
Qd8 {(1-0, 38) Preotu,R (2445)-Yang,K (2481) Chess.com Rapid Qualifier, 2022})
9... a6 $1 10. Nf3 axb5 11. Nxb5 {[#]} Ba6 (11... Nf5 $5 {looks like it steps
into a tempo loss with an upcoming, g4, but it guards d6 and so allows Black
to go ...c6 without allowing a crushing Nd6+.}) 12. a4 Nf5 $1 ({I would be
tempted to bail with} 12... Bxb5 13. Bxb5 Qxb5 14. axb5 Rxa1 15. O-O Ra5 {
When Black has enough material for the Q, and a compact structure... but
nothing to do: SF15 says White is completely crushing here with Nh4 and f4-f5.
Even if we ignore Black's undeveloped kingside, it's pathetic how little
Black's minors can do.}) 13. Rb1 {[#]} Nc6 (13... c6 $5 {Playing to trade the
LSBs looks like an obvious improvment. Here the top engines have preposterous
Alpha Zero-like suggestions: ignore it!!} {Stockfish 15 goes:} 14. Bd2 $5 (14.
Bd3 $5 {is Leela's top choice, also scored at 0.00.}) 14... cxb5 15. axb5 Bb7
16. Bd3 {simply giving up the piece for a giant space advantage!? At 30 ply,
SF15 says... 0.00. It is this sort of eval from the top Neural Net engines --
it is about equal when White is a piece down but with loads of room for
improvement -- that has convinced top players that White's kingside space
advantage may be too big for Black to concede by playing these French lines.})
14. Qf4 Na5 15. g4 Ne7 16. Rh3 g5 17. Qf6 Rh7 {[#] White has followed the
computer-approved strategy which is proving an existential threat to the
French: e5, h5, then either smashing the kingside with f4-f5 or g4-g5 or a
minor piece sac (or both). The rest looks like White is in total control, but
in the complications both sides exchange game changing blunders.} (17... Rg8 $2
18. Bxg5 $1 $16 Bg7 (18... hxg5 19. Nxg5 $16) 19. Qxe7+ $16) 18. Nxg5 $1 hxg5
19. Bxg5 Ng8 (19... O-O-O 20. Bd3 $18) 20. Qf4 Be7 (20... Bh6 21. Bd3 $18) 21.
Bd3 Rh8 {[#]} 22. h6 $16 {...h7 isn't quite the threat it appears.} (22. Rf3
$142 $18 {and Black is cracked:} Bxg5 (22... O-O-O 23. Nd6+ $1 $18) (22... Bf8
23. Bg6 $18) 23. Qxg5 Kf8 24. Bg6 Nh6 25. Qf6 Kg8 26. g5 $18) 22... Bxb5 (22...
Nc4 $5 23. h7 {trapping the N, but} O-O-O $1 24. hxg8=Q Rdxg8 25. Rxh8 Rxh8 26.
Ke2 Bxg5 27. Qxg5 {White has a nice space advantage, but there is a very long
way to go to turn this into a full point.}) 23. Bxb5 c6 24. Bd3 Qd8 25. Bxe7
Nxe7 26. Qf6 Rf8 27. h7 Kd7 28. Qg7 c5 {[#]} 29. c3 ({It's totally unnatural
to think of trading the B which fights for the kinside light squares, but SF15
shows that it's strong:} 29. Bb5+ $142 $1 {aiming to double Rs on the f-file.}
Nac6 30. Rf3 Qe8 31. Rf6 Kc7 32. Rb3 $18) 29... cxd4 30. cxd4 Nc4 31. Rf3 Qe8 {
[%mdl 96] [#] So far White has been in total control -- following a good
strategy which has left Black in an objectively lost position -- but in the
time-trouble complications both sides exchange game-changing blunders.} 32.
Bxc4 $4 {Incredibly, trading off Black's only active piece and winning a pawn
actually gives away most of White's advantage! Question: Can you see how Black
might get counterplay now in a way that was impossible before?} ({Continuing
to press the kingside wins:} 32. g5 Rxa4 33. g6 $18) 32... dxc4 33. Rxb6 {[#]}
Kc7 $4 (33... Rxa4 $4 34. Rd6+ Kc7 35. Rxe6 $18) (33... Rb8 $8 $11 {It seems
ludicrous that Black might get enough play on the queenside to make up for
that Ph7, but it's true!} 34. Rxb8 (34. Ra6 Rb1+ $8 35. Ke2 Qb8 $1 $11 36. Rd6+
{the rest are all "only moves"} Kc7 37. Rxf7 Qb2+ 38. Kf3 Rg1 39. Rxf8 Qc3+ $11
{with a perpetual}) (34. Rd6+ Kc7 $132 {with serious counterplay via ...Rb1+
and ...Qxa4.}) 34... Qxb8 35. Rxf7 Rxf7 36. Qxf7 c3 {[#] Analysis Diagram} 37.
Ke2 $1 {A crazy-hard-to-find move, but logical: Black has no moves to improve,
and White needs to play d5 for tempi on the K, and should first pepare his own
K to get closer to the Pc3 in anticipation of ...Qxe5+.} c2 38. d5 $8 $11 {
A challenging place for a calculation exercise.  SPOILER: Black gets enough
checks to draw, and so does White.}) 34. Rb5 $4 {This could have cost the game.
} (34. Rd6 $4 Qxa4 $19 {Black has a mating attack.}) (34. a5 $8 $18 {defends
the R and keeps attacking along the 6th.} Rb8 (34... Rxa5 {undefends Rf8,} 35.
Rxe6 $8 $18) (34... Ng6 35. d5 $1 exd5 (35... Rxa5 36. Rxe6 $18) 36. Rxg6 $18)
35. h8=Q Rxh8 36. Rxf7 $18) 34... Ng6 $4 {This makes perfect sense: it defends
h8 and the Rf8 and so frees the Ra8 to attack the a-pawn.   Black misses his
chance and doesn't get another.  Answer: the key is that ...dxc4 opens the
long diagonal and d-file pressure on d4, as in variations here.} (34... Rxa4 $1
{creates a deadly counter attack.} 35. Rc5+ (35. Kf1 Ra1+ 36. Kg2 Ng6 $8 $19 {
threatening ...Qxb5 and ...Nh4+.}) (35. Rb1 Qa8 36. Rh3 Qg2 $19) 35... Kb6 36.
Kf1 (36. Rc3 Qa8 $19) 36... Qa8 37. Kg2 Ng6 38. Kg3 Ra1 $19) 35. Rc5+ {[#]} Kd7
$6 (35... Kb6 $142 {forces White to find more hard moves} 36. Rxc4 Rc8 $1 37.
Rxc8 $8 (37. Rfc3 $2 Rxc4 38. Rxc4 Qa8 $1 $11) 37... Qxc8 38. Qh6 $8 $16 {
defending c1. Now if Black's Q leaves the back rank, Qxf8 will win; otherwise
White is ready to swing the Q and R over to the queenside to attack the
exposed K.} (38. Rxf7 $2 Qc1+ {is a perp.}) (38. Kd2 $2 {stops the ...Qc1+ but
exposes the K on the d-file, so} Rd8 $1 $36 {and White is in trouble.})) 36.
Rxc4 Ra7 (36... Rc8 37. Rxc8 Kxc8 38. Rf6 $18 {Black has no way out of the
bind.... and White does have four P for a N which is doing nothing but
guarding h8.}) 37. Rfc3 ({Or} 37. Rf6 {threatening RxN.} Nh8 38. d5 $18) 37...
Qa8 38. Rc6 $1 $18 {Blocks the long diagonal.} Nh8 {[#] Black's whole army has
been pushed to the edge of the board, with the king his most centralized piece.
} (38... Qxc6 {extends the game, but shouldn't change the outcome.} 39. Rxc6
Kxc6 40. Qxf8 $18) 39. d5 $1 {Power chess to open lines for the majors!} exd5
40. e6+ $1 (40. Qf6 {is faster, but both mate.}) 40... Ke7 41. Qg5+ f6 42. Qg7+
Nf7 $19 43. exf7 (43. h8=Q $1 {is faster and prettier, but they both force
mate.}) (43. exf7 Rxf7 44. Rc7+ {wins the Rf7, and White still has the monster
on h7.}) 1-0

[Event "CAN-ch"]
[Site "Kingston"]
[Date "2022.04.17"]
[Round "8.24"]
[White "Botez, Alexandra"]
[Black "D'Souza, Carina"]
[Result "1-0"]
[WhiteElo "2020"]
[BlackElo "1466"]
[Annotator "John Upper"]
[PlyCount "43"]
[EventDate "2022.04.13"]
[EventType "swiss"]
[EventRounds "9"]
[EventCountry "CAN"]
[SourceTitle "Chess Canada Tactiosauru"]
[Source "CFC/John Upper"]
[SourceDate "2023.03.11"]
[SourceVersion "1"]
[SourceVersionDate "2023.03.11"]
[SourceQuality "1"]

{[%evp 0,43,41,14,16,27,24,2,33,39,30,-5,2,-1,13,9,17,49,35,48,48,54,59,26,33,
52,70,69,50,10,55,49,113,145,315,315,358,358,369,379,787,773,29997,29998,29999,
-30000]} 1. d4 d5 2. Nf3 e6 3. c4 c6 4. Nbd2 Nf6 5. g3 Nbd7 6. Bg2 Bd6 7. Qc2
Qe7 8. O-O O-O 9. e4 {This is too direct for an advantage... if Black reacts
correctly.} (9. Re1 $142 {lines up the R with the Q to reduce Black's freedom
in the center and  prepares e4.}) 9... dxe4 10. Nxe4 Nxe4 11. Qxe4 {[#]} Nf6 $2
{Developing the N to a natural square while gaining time on the Q is natural,
but poor. Here, Black's pieces can free themselves with ..e5, which becomes
impossible once this N stops fighting for e5.} (11... e5 $142 $1 {[#] Black
threatens ...f5!, owning the center and sending White's pieces scrambling.
White has to be careful to equalize:} 12. dxe5 (12. Re1 $6 f5 $1 13. Qc2 e4 $1
$15) (12. Bg5 f6 $1 {and after the B moves, ...f5=/+}) 12... Nxe5 $13 13. Ng5
g6 $1 (13... f5 $5)) 12. Qh4 c5 13. dxc5 Bxc5 14. Rd1 Rd8 15. Bg5 Bd7 16. Ne5 {
[%mdl 33088] [#] Critical Position ...Be8 to preserve the B pair, or ...h6
moving a pawn in front of the K?} Be8 $4 (16... h6 $142 17. Bxf6 gxf6 {[#]
looks bad, as White can simply win a pawn:} 18. Nxd7 (18. Ng4 f5 19. Nf6+ (19.
Nxh6+ $2 {strands the N.}) 19... Kg7 $11) (18. Nd3 $1 f5 $2 19. Nxc5 Qxc5 20.
Rd4 {with a winning pin on the d-file.}) 18... Rxd7 19. Rxd7 Qxd7 {but after}
20. Qxf6 ({or} 20. Qxh6 Qd4 $1) 20... Qd2 {Black has full compensation in what
may well boil down to an opposite B ending.}) 17. Ng4 $8 $18 Bd4 18. Rxd4 $1 {
Other moves -- Be4, Rd2 -- also win, but this is the cleanest.} Rxd4 19. Bxf6
$1 gxf6 20. Nxf6+ Kg7 (20... Qxf6 {is the onlly way to prevent mate.}) 21. Qg5+
Kh8 22. Qg8# 1-0

[Event "CAN-ch"]
[Site "Kingston"]
[Date "2022.04.18"]
[Round "9.7"]
[White "Plotkin, Mark"]
[Black "Clyde, Jordan"]
[Result "1-0"]
[WhiteElo "2354"]
[BlackElo "2088"]
[Annotator "John Upper"]
[PlyCount "65"]
[EventDate "2022.04.13"]
[EventType "swiss"]
[EventRounds "9"]
[EventCountry "CAN"]
[SourceTitle "Chess Canada Tactiosauru"]
[Source "CFC/John Upper"]
[SourceDate "2023.03.11"]
[SourceVersion "1"]
[SourceVersionDate "2023.03.11"]
[SourceQuality "1"]

{[%mdl 32768][%evp 0,65,19,31,54,61,77,90,90,48,67,67,51,55,45,19,14,22,11,6,
60,-86,20,20,20,13,1,1,7,6,192,193,193,193,177,175,248,182,177,184,162,169,193,
163,229,118,127,196,204,218,223,218,246,77,87,0,52,258,266,167,635,29988,29989,
29990,29991,1599,1814,1981]} 1. d4 d6 2. e4 g6 3. Nc3 Bg7 4. f4 c6 5. Nf3 d5 6.
e5 h5 {[#]  This position is more commonly reached by a Caro Kann (1...c6) or
Modern (1...g6) move order, when Black gets ...d7-d5 in one move. The closed
center may mitigate the tempo loss if White plays slowly. Black typically
continues with ...Bg4 and ...Nh6. White could cross that plan here with 7.h3,
but Mark is more ambitious.} 7. Ng5 $5 $146 {Prevents the B for N trade after .
..Bg4, and also starts to create threats to Black's light square pawn chain.}
Nh6 (7... Bg4 $5 8. Qd2 {and White can get some time back later by attacking
the B with h4 and (maybe) g4.}) 8. Be3 Qb6 9. Na4 Qb4+ 10. Nc3 $6 {White
really wanted to give the b-pawn.} (10. c3 $142) 10... Qb6 (10... Qxb2 $142 11.
Na4 Qa3 12. c3 {protecting the N and threatening to win the Q with Bc1. But
Black has two ways out:} b5 $1 $17 {saves the Q and wins c3.} (12... e6 {
frees e7 for the Q.})) 11. Qd2 Qxb2 12. Rb1 Qa3 13. Bd3 Qa5 14. O-O {[%mdl
33088] [#] Critical Position White is down a pawn but much further ahead in
development. In many continuations White crashes through with sacs on the
light squares, the most thematic of which is e5-e6. What should Black do?} e6
$4 {Black has several plausible defensive choices, including this game-losing
blunder.} (14... Bf5 $2 15. Rxb7 Bxd3 (15... e6 16. Nb5 $18 {as in the game.})
16. Qxd3 Nd7 (16... Qa6 $4 17. Rxb8+ $18) 17. Bd2 Qd8 18. e6 $18) (14... Nf5
$142 15. h3 $5 {not necessary, but an amusing and strong provocation} (15. Bxf5
Bxf5 $5 16. Rxb7 Nd7 $14 {Black has returned the pawn to almost catch up in
development.}) 15... Nxe3 $2 (15... h4 $142 16. Rb3 $32) 16. Qxe3 Qxc3 {
gives White another way to show how to attack} 17. Nxf7 $1 O-O (17... Kxf7 $2
18. Bxg6+ $18) 18. Rb3 Qa5 19. Bxg6 $18 {e.g.} Rxf7 20. Bxf7+ Kxf7 21. f5 $18 {
Black has three minors for the R, but his buried queenside pieces will be no
match for White's swarming majors.}) (14... b6 $142 {defends the Q and the
b-pawn and prepares Bf5; e.g.} 15. Kh1 Bf5 16. Bxf5 $2 Nxf5 $1 17. e6 {is the
obvious kind of continutation that Black might have feared, but after} f6 $1 {
Black is close to winning; e.g.} 18. Nf7 Rg8 $19 {and White's minors are out
of moves, and Black threatens to win the Nf7 with ...Na6-c7xe6.}) ({The real
question about} 14... b6 {(or most other moves) is whether Black can allow} 15.
e6 $5 Bxe6 (15... f5 $6 16. h3 Na6 {going after e6} 17. Nf3 $1 Nc7 (17... c5
18. Rb5) 18. Ne5 Bxe5 19. fxe5 Ng8 (19... Nxe6 $2 20. Bxh6 Rxh6 21. Qxh6 Qxc3
22. Qxg6+ Kd7 23. Bxf5 $18) 20. Qe1 {with threats like Bd2 and Qg3. Here, and
in other lines, the Qa5 is a long-term liability.}) 16. Nxe6 (16. Bxg6 Bg4 $13)
16... fxe6 17. Bxg6+ Kd7 18. Bxh5 Na6 $13 {material is equal, Black has a
solid clump of center pawns and will get some pressure on the half-open
kingside files.}) 15. Nce4 $1 $18 {This tactic was impossible while the e7
pawn defended d6; now it's winning.} (15. Nb5 $1 {works as well.}) 15... Qxd2 (
15... Qc7 16. Nd6+ Ke7 {[#]  Analysis Diagram Black is playing without his
Queenside pieces and without any hope of counterplay, so White has more than
one way to win; here's the most brutal:} 17. Ndxf7 $1 Nxf7 18. Bxg6 Nh6 (18...
Nxg5 19. fxg5 Rf8 20. Rxf8 Kxf8 21. Qf2+ Kg8 22. Qh4 $18) 19. f5 Nxf5 (19...
exf5 20. Nh7 $3 Ng4 21. Bg5+ $18) 20. Bxf5 (20. Nf7 Rf8 21. Bg5+ Kd7 22. Rxf5
$18) 20... exf5 21. e6 Bxe6 22. Rbe1 $18) 16. Nd6+ $8 Ke7 17. Bxd2 a5 (17... b5
18. Bb4 $18) (17... f6 18. Nxc8+ Rxc8 19. Rxb7+ $18) 18. Nxb7 Bxb7 19. Rxb7+
Nd7 20. Rfb1 {[#]} Rhc8 (20... Rhb8 21. Rxb8 Rxb8 22. Rxb8 Nxb8 23. Bxa5 $18 {
Black has solved his queenside development problems, but his kingside pieces
will be no match for the a-pawn; e.g.} Nf5 24. Bc7 $1 {chasing the N from the
a-file before trading the Bd3} Nd7 25. Bxf5 exf5 26. a4 $18) 21. Bc1 $1 (21.
Be1 {heading to h4 is also strong.}) 21... Ke8 22. Nxe6 ({or} 22. Nxf7 Nxf7 23.
Bxg6 Rcb8 24. Bxh5 $18) 22... fxe6 23. Bxg6+ Ke7 $1 ({weaker is} 23... Kd8 {
when} 24. f5 {creates threats with Bg5+.}) 24. Ba3+ Kd8 25. Bd6 {[#] Q: What
is White's immediate threat?} c5 ({A: Rxd7+.} 25... Bf8 $2 26. Rxd7+ Kxd7 27.
Rb7+ {and there's no ...Kc6 escape.}) 26. dxc5 Bf8 27. f5 $1 {White continues
his masterclass in initiative play.} Bxd6 28. cxd6 Nf8 29. fxe6 $1 Nxg6 30. e7+
Ke8 (30... Nxe7 31. dxe7+ Ke8 32. Rf1 Nf7 33. e6 {mates.}) 31. d7+ Kf7 32.
e8=Q+ (32. d8=Q $1 {is faster, but doesn't continue with checks, which may
have been a factor in time trouble.}) 32... Rxe8 33. d8=Q+ $1 1-0

[Event "Oslo Esports Cup"]
[Site "Oslo"]
[Date "2022.04.24"]
[Round "3.1"]
[White "Mamedyarov, Shakhriyar"]
[Black "Hansen, Eric"]
[Result "0-1"]
[WhiteElo "2771"]
[BlackElo "2606"]
[Annotator "John Upper"]
[PlyCount "128"]
[EventDate "2022.04.22"]
[EventType "tourn (rapid)"]
[EventRounds "7"]
[EventCountry "NOR"]
[SourceTitle "Chess Canada Tactiosauru"]
[Source "CFC/John Upper"]
[SourceDate "2023.03.11"]
[SourceVersion "1"]
[SourceVersionDate "2023.03.11"]
[SourceQuality "1"]

{[%evp 0,128,18,16,27,-16,36,35,47,2,10,12,13,-17,8,-28,-25,-18,-19,-12,3,-12,
-21,-12,-4,-18,-7,1,7,8,30,3,26,31,14,8,32,35,51,21,37,49,72,0,0,0,-17,-52,-44,
-77,-84,-93,-57,-95,-18,-35,-35,-16,-34,-19,0,0,0,-11,6,-39,-23,-112,-99,-108,
-66,-39,-48,-75,-99,-154,-88,-87,-76,-76,14,0,162,-82,-77,-86,-123,-118,-112,
-82,-103,-245,-315,-359,-326,-384,-346,-346,-295,-376,-368,-422,-484,-373,-320,
-377,-329,-392,-405,-380,-407,-407,-323,-466,-472,-29967,-355,-451,-451,-458,
-394,-29981,-425,-385,-385,-397,-419,-1009,-1259,-1272,-1259]} 1. d4 Nf6 2. c4
g6 3. Nf3 Bg7 4. e3 O-O 5. Be2 c5 6. dxc5 Na6 7. Nc3 Nxc5 8. O-O d6 9. Nd4 Bd7
10. b3 Rc8 11. Bb2 a6 12. h3 Qc7 13. Rc1 Qb8 14. b4 Ne6 15. Nb3 b5 16. cxb5
axb5 17. Qd3 Nc7 18. a3 Rfd8 19. Rfd1 d5 20. Nc5 Bc6 21. Nb3 e5 22. Bf1 Nfe8
23. Na5 Ba8 24. Nb1 Nd6 25. Nd2 Nc4 26. Qb1 Ne6 27. Naxc4 bxc4 28. e4 dxe4 29.
Nxc4 Nd4 30. Ne3 f5 31. Rxc8 Qxc8 32. Nc4 Qe6 33. Na5 Bd5 34. b5 Ra8 35. Bc3 f4
36. Re1 Rc8 37. b6 $1 $11 Rxc3 38. b7 $8 Bxb7 39. Qxb7 {[%mdl 32832] [#]
Critical Position What happens if ...e3?} e3 40. fxe3 $8 (40. Qb4 $2 {
threatens Qxc3 and Qxd4, but} exf2+ 41. Kxf2 Rc2+ 42. Kg1 Qc8 $19 {getting out
of both Qxd4 and Bc4. Black is up a pawn with a safer K.}) 40... fxe3 $4 (40...
Nc2 $8 $11 41. Rc1 $1 fxe3 42. Qb2 e4 $8 $11 43. Rxc2 Rxc2 44. Qxc2 e2 $8 45.
Qxe2 Qb6+ $11 {forking the K and N.}) {[#]} 41. Rxe3 $4 (41. Qb4 $1 $18 e2 (
41... Rc2 42. Bc4 $18 {leaves White up an exchange and the e3 passer under
control.}) 42. Qxc3 exf1=Q+ 43. Kxf1 $8 $18 {White's up an exchange and
everything is defended.}) 41... Rc1 $1 (41... Rxe3 $4 42. Bc4 $18 {skewers the
Q.}) 42. Qb2 $2 (42. Nb3 $142 $11) 42... Qc8 $8 $19 43. Nb3 Rc2 $8 44. Qb1 Nf5
$8 45. Rd3 e4 $1 $19 {[#] White would be perfectly OK if his h3 pawn was on f2.
But here, White's loose K and Black's passer leave him dead lost. e.g.} 46. Rd5
(46. Rd8+ {forces off the Rs, but leaves White dead on the dark squares:} Qxd8
47. Qxc2 Qb6+ $8 48. Kh2 (48. Qc5 Bd4+ $19) 48... Be5+ $18) 46... Bh6 47. Rxf5
gxf5 48. Qd1 Kh8 49. Kh1 Rc3 50. a4 Qb8 51. Bb5 Bg7 52. Nc1 h6 53. Ne2 Ra3 54.
Qd7 Ra1+ 55. Ng1 Qe5 56. Qc8+ Kh7 57. Bc4 h5 58. h4 Qf6 59. g3 Qe5 60. Kg2 f4
61. gxf4 Qxf4 62. Qg8+ Kh6 63. Be2 Ra3 64. Qe6+ Bf6 0-1